Normal view
MARC view
- Pelosi, Marilyn K, Sandifer, Theresa. M
Entry Personal Name
001 - CONTROL NUMBER
- control field: 62657
003 - CONTROL NUMBER IDENTIFIER
- control field: NUST
005 - DATE AND TIME OF LATEST TRANSACTION
- control field: 20210628202954.0
008 - FIXED-LENGTH DATA ELEMENTS
- fixed length control field: 210628|| aca||aabn | a|a d
040 ## - CATALOGING SOURCE
- Original cataloging agency: NUST
- Transcribing agency: NUST
100 ## - HEADING--PERSONAL NAME
- Personal name: Pelosi, Marilyn K, Sandifer, Theresa. M
670 ## - SOURCE DATA FOUND
- Source citation: Work cat.: (NUST): Pelosi, Marilyn K, Sandifer, Theresa. M, Elementary statistics, from discovery to decision, 2003
